Indo-European Language Family - Statistics

General Stats
  • This quiz has been taken 233 times
    35 since last reset
  • The average score is 6 of 9
Answer Stats
Languages Classification % Correct
Dutch, English, German, Norwegian, Swedish Germanic
97%
Breton, Cornish, Irish, Scottish Gaelic, Welsh Celtic
89%
French, Italian, Portuguese, Romanian, Spanish Romance
89%
Greek Hellenic
80%
Balochi, Kurdish, Pashto, Persian, Tajik Iranian
69%
Bengali, Gujarati, Hindi, Marathi, Punjabi Indo-Aryan
66%
Czech, Lithuanian, Polish, Russian, Ukrainian Balto-Slavic
60%
Eastern, Homshetsi, Western Armenian
34%
Albanian Albanoid
14%
No matching quizzes found
Score Distribution
Percent of People with Each Score
Percentile by Number Answered
Your Score History
You have not taken this quiz since the last reset